[Event "37th Greek Teams"]
[Site "Kallithea GRE"]
[Date "2009.07.04"]
[Round "1"]
[White "Themelis,G"]
[Black "Vlahakis,N"]
[Result "1-0"]
[WhiteElo "1618"]
[BlackElo "2102"]
[EventDate "2009.07.03"]

1. e4 e5 2. Nf3 Nf6 3. Nxe5 d6 4. Nf3 Nxe4 5. Nc3 Nxc3 6. dxc3 Be7 7. Bf4
Nd7 8. Qd2 O-O 9. O-O-O Bf6 10. h3 Nc5 11. Bd3 Be6 12. Kb1 Qd7 13. g4 g6
14. Nd4 a6 15. Nxe6 fxe6 16. Be3 b6 17. g5 Bg7 18. h4 Qc6 19. h5 Ne4 20.
Qe1 Bxc3 21. Bxe4 Qxe4 22. Qxc3 c5 23. hxg6 Qxg6 24. Rh6 Qe4 25. Rdh1 Ra7
26. Qd3 Qxd3 27. cxd3 Raf7 28. Rxe6 d5 29. d4 cxd4 30. Bxd4 Rf4 31. Bxb6 d4
32. Rf6 Rxf2 33. Bxd4 R2xf6 34. Bxf6 a5 35. Rd1 a4 36. Rd7 Rf7 37. Rd8+ Rf8
38. Rxf8+ Kxf8 39. Kc2 Kf7 40. Kc3 h5 41. gxh6 Kxf6 42. h7 Kg7 43. h8=Q+
Kxh8 44. Kb4 Kg8 45. Kxa4 Kf8 46. Kb5 Ke8 47. Kb6 Kd8 48. Kb7 1-0

[Event "37th Greek Teams"]
[Site "Kallithea GRE"]
[Date "2009.07.04"]
[Round "1"]
[White "Tiviakov,S"]
[Black "Lenic,L"]
[Result "1/2-1/2"]
[WhiteElo "2674"]
[BlackElo "2565"]
[EventDate "2009.07.03"]

1. e4 c5 2. c3 d5 3. exd5 Qxd5 4. d4 Nf6 5. Nf3 e6 6. Na3 Nc6 7. Be2 Qd8 8.
Nc2 Be7 9. O-O O-O 10. Ne5 cxd4 11. Nxc6 bxc6 12. Qxd4 c5 13. Qxd8 Rxd8 14.
Na3 Rb8 15. Re1 Kf8 16. Kf1 Nd5 17. Nc4 Bb7 18. Na5 Ba8 19. Rd1 f6 20. Nc4
Kf7 21. Bd2 g5 22. g3 Nb6 23. b3 Be4 24. Nxb6 axb6 25. Be3 f5 26. Rxd8 Rxd8
27. a4 Bf6 28. Rc1 Bc6 29. Bc4 Bd5 30. Bxd5 exd5 31. Ke2 h6 32. Kd3 d4 33.
cxd4 Bxd4 34. Rc4 Bxe3+ 35. Kxe3 Ke6 36. a5 bxa5 37. Rxc5 Rb8 38. Rxa5
Rxb3+ 39. Ke2 1/2-1/2

[Event "37th Greek Teams"]
[Site "Kallithea GRE"]
[Date "2009.07.04"]
[Round "1"]
[White "Koukoufikis,A"]
[Black "Tregubov,P"]
[Result "0-1"]
[WhiteElo "2233"]
[BlackElo "2652"]
[EventDate "2009.07.03"]

1. e4 c5 2. Nc3 e6 3. g3 d5 4. exd5 exd5 5. Bg2 Nf6 6. d3 d4 7. Ne4 Nxe4 8.
Bxe4 Nd7 9. Ne2 Bd6 10. O-O O-O 11. Bf4 Nf6 12. Bg2 Bg4 13. Bxd6 Qxd6 14.
Qd2 Rae8 15. Rfe1 Re5 16. h3 Bd7 17. Nf4 Rfe8 18. Rxe5 Qxe5 19. Kf1 g5 20.
Ne2 Nd5 21. Ng1 g4 22. hxg4 Bxg4 23. Nf3 Qf6 24. Qg5+ Qxg5 25. Nxg5 Nb4 26.
Ne4 Kg7 27. a3 Nxc2 28. Rc1 f5 29. Rxc2 fxe4 30. Bxe4 b6 31. b4 Rc8 32.
bxc5 bxc5 33. f3 Be6 34. Rb2 Rc7 35. Rb7 Rxb7 36. Bxb7 Kf6 37. Kf2 h5 38.
Be4 Kg5 39. f4+ Kf6 40. Bb7 Bf5 41. Be4 c4 42. Bf3 Bxd3 43. Bxh5 c3 44. Ke1
Bb5 45. Bd1 d3 46. Bb3 Kf5 47. Kd1 Ke4 48. a4 Bd7 0-1

[Event "37th Greek Teams"]
[Site "Kallithea GRE"]
[Date "2009.07.04"]
[Round "1"]
[White "Georgiev,Kr"]
[Black "Koukoufikis,G"]
[Result "1-0"]
[WhiteElo "2430"]
[BlackElo "2213"]
[EventDate "2009.07.03"]

1. e4 d6 2. d4 g6 3. Nc3 Nf6 4. f3 Bg7 5. Be3 c6 6. Qd2 Nbd7 7. h4 h5 8.
Nh3 e5 9. Ng5 b5 10. dxe5 dxe5 11. a4 Qa5 12. Qd6 b4 13. Bc4 Rf8 14. Nb1
Bb7 15. Nd2 c5 16. Nb3 Qb6 17. O-O-O Rc8 18. Bb5 Qxd6 19. Rxd6 Ke7 20. Rhd1
Rc7 21. Bxd7 Nxd7 22. Nxc5 Nxc5 23. Bxc5 Rfc8 24. Re6+ 1-0

[Event "37th Greek Teams"]
[Site "Kallithea GRE"]
[Date "2009.07.04"]
[Round "1"]
[White "Lazaridis,S"]
[Black "Kanakaris,G"]
[Result "0-1"]
[WhiteElo "2153"]
[BlackElo "2377"]
[EventDate "2009.07.03"]

1. e4 c5 2. Nf3 d6 3. d4 cxd4 4. Nxd4 Nf6 5. Nc3 a6 6. Be2 e5 7. Nb3 Be7 8.
O-O Be6 9. Be3 Nbd7 10. f3 b5 11. a4 b4 12. Nd5 Bxd5 13. exd5 Nb6 14. Bxb6
Qxb6+ 15. Kh1 O-O 16. Qd2 Rfc8 17. Rab1 Nh5 18. g3 Qc7 19. Rbc1 Qd7 20. Bd3
Qh3 21. Qg2 Qd7 22. Qd2 Nf6 23. Na5 Rc5 24. Qxb4 Nxd5 25. Qd2 Nb6 26. b4
Rc7 27. Qe3 Rb8 28. b5 axb5 29. Bxb5 Qc8 30. c4 h6 31. Rb1 d5 32. cxd5 Nxd5
33. Qxe5 Rc2 34. Bd3 Rxb1 35. Rxb1 Rc1+ 36. Kg2 Rxb1 37. Bxb1 Qc5 38. Qb8+
Bf8 39. Qb5 Ne3+ 40. Kh3 Qc8+ 41. g4 Qe6 42. Nc6 Qf6 43. Ne5 g6 44. Ba2 Bd6
45. Qe8+ Kg7 46. Bxf7 Qxe5 47. Qxe5+ Bxe5 48. Bb3 Bc7 49. a5 Bxa5 50. Kg3
Bc7+ 51. Kf2 Bf4 52. h4 Kf6 53. h5 g5 54. Ke2 Ke5 55. Ba4 Kd4 56. Bc6 Nd5
57. Bb7 Nc3+ 58. Kf2 Kd3 59. Ba6+ Kd2 60. Bb7 Nd1+ 61. Kg2 Ke1 62. Bc6 Ne3+
63. Kg1 Ke2 64. Bb7 Nc2 65. Kg2 Ne1+ 66. Kh3 Be5 67. Bc6 Kf2 68. Be4 Bg3
69. f4 Bxf4 70. Bc6 Nc2 71. Be4 Nd4 72. Bf3 Ne2 73. Bxe2 Kxe2 74. Kg2 Ke3
75. Kh3 Ke4 76. Kg2 Bc1 77. Kg3 Bb2 0-1

[Event "37th Greek Teams"]
[Site "Kallithea GRE"]
[Date "2009.07.04"]
[Round "1"]
[White "Vragoteris,A"]
[Black "Siempos,K"]
[Result "1-0"]
[WhiteElo "2266"]
[BlackElo "1944"]
[EventDate "2009.07.03"]

1. d4 Nf6 2. Nf3 e6 3. Bg5 d5 4. e3 Be7 5. Bd3 O-O 6. Nbd2 b6 7. Qe2 c5 8.
c3 Bb7 9. Bxf6 Bxf6 10. h4 Nd7 11. Ng5 Bxg5 12. Bxh7+ Kh8 13. hxg5 Qxg5 14.
Nf3 Qe7 15. Ne5 Nf6 16. Qf3 g5 17. Qh3 1-0

[Event "37th Greek Teams"]
[Site "Kallithea GRE"]
[Date "2009.07.04"]
[Round "1"]
[White "Krivec,J"]
[Black "Grapsa,G"]
[Result "1-0"]
[WhiteElo "2325"]
[BlackElo "2083"]
[EventDate "2009.07.03"]

1. e4 c5 2. Nf3 d6 3. d4 cxd4 4. Nxd4 Nf6 5. Nc3 a6 6. Be3 e5 7. Nb3 Be6 8.
f3 Nbd7 9. Qd2 b5 10. O-O-O Rc8 11. Kb1 Qc7 12. g4 Nb6 13. g5 Nfd7 14. Nd5
Bxd5 15. exd5 Be7 16. f4 exf4 17. Bxf4 O-O 18. Bh3 Nc4 19. Qg2 Rce8 20. Nd4
Nde5 21. Nc6 Nxc6 22. dxc6 Bd8 23. Bd7 Re7 24. Qd5 Qa5 25. Bxd6 Nxd6 26.
Qxd6 Re4 27. Qd5 Rh4 28. h3 Bc7 29. Rhf1 Rf4 30. Rxf4 Bxf4 31. Rf1 Qc7 32.
h4 g6 33. Qf3 Be5 34. h5 Qd8 35. Qg4 Qe7 36. Re1 Qc5 37. c3 a5 38. hxg6
hxg6 39. Qe4 Bg7 40. Qe7 Qc4 41. Qe2 Qc5 42. Qe7 Qc4 43. Qd6 Qh4 44. Re2
Qxg5 45. c7 Qg1+ 46. Kc2 Qf1 47. Rd2 1-0

[Event "37th Greek Teams"]
[Site "Kallithea GRE"]
[Date "2009.07.04"]
[Round "1"]
[White "Vazoura,E"]
[Black "Papathanasiou,E"]
[Result "1/2-1/2"]
[WhiteElo "1626"]
[BlackElo "1638"]
[EventDate "2009.07.03"]

1. e4 c5 2. Nc3 e6 3. g3 d5 4. exd5 exd5 5. Bg2 Nf6 6. d3 Be7 7. Nge2 O-O
8. Bg5 d4 9. Bxf6 Bxf6 10. Nd5 Re8 11. Nxf6+ Qxf6 12. O-O Nc6 13. Nf4 Be6
14. Re1 Rad8 15. Nxe6 Rxe6 16. Rxe6 Qxe6 17. Qh5 Re8 18. Be4 g6 19. Qxc5
Rc8 20. Qc4 Qd7 21. Qa4 Qd6 22. Re1 Re8 23. Qb3 Qd7 24. Rf1 Kg7 25. Qa4 Re7
26. Bxc6 bxc6 27. Qb4 Re5 28. c3 Rb5 29. Qa4 dxc3 30. bxc3 Qxd3 31. Qxa7
Qxc3 32. Qa4 Ra5 33. Qb3 Qd2 34. Rd1 Qg5 35. Qc3+ Kf8 36. Qxc6 Rxa2 37. Qc7
Qf6 38. Qd8+ Kg7 39. Qd4 Qxd4 40. Rxd4 Kf6 41. Kg2 1/2-1/2

[Event "37th Greek Teams"]
[Site "Kallithea GRE"]
[Date "2009.07.04"]
[Round "1"]
[White "Athanasiou,G"]
[Black "Galopoulos,P"]
[Result "1/2-1/2"]
[WhiteElo "1946"]
[BlackElo "2161"]
[EventDate "2009.07.03"]

1. e4 c5 2. Nf3 Nc6 3. d4 cxd4 4. Nxd4 Nf6 5. Nc3 e5 6. Ndb5 d6 7. Bg5 a6
8. Na3 b5 9. Nd5 Be7 10. Bxf6 Bxf6 11. c3 O-O 12. Nc2 Rb8 13. Be2 Bg5 14.
O-O Be6 15. Ncb4 Nxb4 16. Nxb4 Qb6 17. a4 a5 18. Nd5 Bxd5 19. Qxd5 bxa4 20.
Rxa4 Qxb2 21. Bc4 Qxc3 22. Rxa5 Rbc8 23. Ba2 Qc7 24. Rb5 Rb8 25. Rfb1 Rxb5
26. Qxb5 Rc8 27. g3 g6 28. Qa6 Qd7 29. Rb6 Be7 30. Rb7 Rc7 31. Rxc7 Qxc7
32. Qc4 Qxc4 33. Bxc4 Kg7 34. g4 f5 35. gxf5 gxf5 36. f3 Kg6 37. Kg2 Kg5
38. Be6 h5 39. h3 Kf4 40. Bd5 Bd8 41. Bc6 Ke3 42. Bd5 Kd4 43. Bc6 Bh4 44.
Bd5 Be1 45. Bc6 Kc5 46. Bb7 Bh4 1/2-1/2

[Event "37th Greek Teams"]
[Site "Kallithea GRE"]
[Date "2009.07.04"]
[Round "1"]
[White "Papadopoulos,Panay"]
[Black "Doulidis,P"]
[Result "1-0"]
[WhiteElo "1899"]
[BlackElo "1554"]
[EventDate "2009.07.03"]

1. Nf3 Nf6 2. d4 g6 3. g3 Bg7 4. Bg2 d5 5. O-O O-O 6. Nbd2 Nbd7 7. c4 dxc4
8. Nxc4 c5 9. e3 Nb6 10. Nce5 cxd4 11. exd4 Ng4 12. Be3 Nxe3 13. fxe3 Nd5
14. Qb3 Bh6 15. Rae1 Be6 16. Qa3 b5 17. e4 b4 18. Qd3 Nf6 19. d5 Ng4 20.
dxe6 Qb6+ 21. Kh1 Nf2+ 22. Rxf2 Qxf2 23. exf7+ Kh8 24. Ng4 Qxb2 25. Nxh6
Rad8 26. Qb3 Qxb3 27. axb3 Kg7 28. Ng5 Kxh6 29. Ne6 Rb8 30. Rf1 a5 31. g4
g5 32. e5 a4 33. bxa4 b3 34. Be4 b2 35. Bb1 Rbc8 36. Nxf8 Rxf8 37. e6 Kg7
38. a5 Ra8 39. f8=Q+ 1-0

[Event "37th Greek Teams"]
[Site "Kallithea GRE"]
[Date "2009.07.04"]
[Round "1"]
[White "Bologan,V"]
[Black "Howell,D"]
[Result "1-0"]
[WhiteElo "2689"]
[BlackElo "2614"]
[EventDate "2009.07.03"]

1. e4 e5 2. Nf3 Nc6 3. Bb5 a6 4. Ba4 Nf6 5. O-O Be7 6. Re1 b5 7. Bb3 d6 8.
c3 O-O 9. h3 Na5 10. Bc2 c5 11. d4 Qc7 12. Nbd2 cxd4 13. cxd4 Bd7 14. Nf1
Rac8 15. Ne3 Nc6 16. Bb3 Na5 17. Nd5 Nxd5 18. Bxd5 exd4 19. b3 Nc6 20. Bb2
Bf6 21. Rc1 Qd8 22. Bxc6 Rxc6 23. Bxd4 Re8 24. Qd3 Bxd4 25. Qxd4 Qc7 26.
Rcd1 Bc8 27. Re3 h6 28. Ne1 Qb6 29. Qd2 Bb7 30. Rg3 Kf8 31. Qf4 Re6 32.
Rgd3 Kg8 33. Rd4 Rf6 34. Qe3 Rc7 35. f3 Re6 36. Qf2 Rce7 37. R4d2 Qc7 38.
Nc2 Rf6 39. Qd4 Re5 40. Ne3 Rg6 41. Rc2 Qb8 42. Qb6 Re7 43. Rdc1 Qe8 44.
Nf5 Rxe4 45. fxe4 Qxe4 46. Ne3 Rg3 47. Re2 f5 48. Rcc2 f4 49. Nf1 Qd5 50.
Nxg3 fxg3 51. Rc1 1-0

[Event "37th Greek Teams"]
[Site "Kallithea GRE"]
[Date "2009.07.04"]
[Round "1"]
[White "Nikolaidis,I"]
[Black "Karapanos,N"]
[Result "1-0"]
[WhiteElo "2529"]
[BlackElo "2208"]
[EventDate "2009.07.03"]

1. d4 Nf6 2. c4 g6 3. Nc3 Bg7 4. e4 d6 5. Nf3 O-O 6. Be2 e5 7. d5 a5 8. Be3
Na6 9. Nd2 Nd7 10. O-O f5 11. exf5 gxf5 12. f4 exf4 13. Bxf4 Ne5 14. Nf3
Nxf3+ 15. Rxf3 Bd7 16. Rg3 Kh8 17. Rxg7 Kxg7 18. Qd2 Qf6 19. Rf1 Rae8 20.
Bh5 Re7 21. Bg5 Qe5 22. Bh6+ Kg8 23. Rf3 Rg7 24. Bxg7 Kxg7 25. Qg5+ Kh8 26.
Re3 Rg8 27. Qh6 Qg7 28. Qxg7+ Rxg7 29. Ne2 Nc5 30. Be8 Bc8 31. Nf4 Ne4 32.
Bb5 Re7 33. Ra3 b6 34. b4 Nf6 35. bxa5 bxa5 36. Rxa5 Ng4 37. Nd3 Bd7 38.
Bxd7 Rxd7 39. Nf4 Rd8 40. a4 Re8 41. Ne6 c6 42. h3 cxd5 43. hxg4 Rxe6 44.
gxf5 Re4 45. cxd5 Kg7 46. Ra6 Kf6 47. Rxd6+ Kxf5 48. a5 Ra4 49. Ra6 h5 50.
Kh2 Ke5 51. d6 Ke6 52. Kh3 Kd7 53. g3 Ke6 54. Ra8 Kxd6 55. a6 Kc7 56. a7
Kb7 57. Rh8 Kxa7 58. Rxh5 1-0

[Event "37th Greek Teams"]
[Site "Kallithea GRE"]
[Date "2009.07.04"]
[Round "1"]
[White "Tzolas,G"]
[Black "Zahariev,Z"]
[Result "0-1"]
[WhiteElo "2139"]
[BlackElo "2399"]
[EventDate "2009.07.03"]

1. e4 c5 2. Nf3 e6 3. d4 cxd4 4. Nxd4 a6 5. Nc3 Qc7 6. Bd3 b5 7. O-O Bb7 8.
Be3 Nf6 9. a3 d6 10. f4 Nbd7 11. Kh1 Be7 12. Qe2 Nc5 13. Bg1 g6 14. e5 dxe5
15. fxe5 Nfd7 16. Rae1 O-O 17. Ne4 Nxd3 18. Qxd3 Nxe5 19. Qg3 Rac8 20. Nf6+
Bxf6 21. Rxf6 Nd7 22. Qxc7 Rxc7 23. Rf2 e5 24. Nf3 f6 25. Rd2 Rf7 26. c3
Nf8 27. Rd6 Kg7 28. Red1 Rfd7 29. Bb6 Rxd6 30. Rxd6 Rd7 31. Bc5 Rxd6 32.
Bxd6 Ne6 33. Kg1 Kf7 34. Ne1 Nf4 35. Kf2 Ke6 36. Bf8 Be4 37. g3 Nd5 38. Nf3
0-1

[Event "37th Greek Teams"]
[Site "Kallithea GRE"]
[Date "2009.07.04"]
[Round "1"]
[White "Pavlidis,Ana"]
[Black "Pitselis,G"]
[Result "1/2-1/2"]
[WhiteElo "2348"]
[BlackElo "2120"]
[EventDate "2009.07.03"]

1. d4 Nf6 2. c4 e6 3. Nf3 d5 4. Nc3 Be7 5. Bg5 h6 6. Bh4 O-O 7. Qc2 c5 8.
dxc5 Na6 9. Rd1 Qa5 10. e3 Nxc5 11. Nd2 Bd7 12. cxd5 Rac8 13. Nc4 Qb4 14.
a3 Qb3 15. Qxb3 Nxb3 16. d6 Bd8 17. Ne5 g5 18. Bg3 Ba5 19. Bc4 Ba4 20. d7
Rcd8 21. Bxb3 Bxb3 22. Rd4 Nd5 23. O-O Nxc3 24. bxc3 Bxc3 25. Rd6 Ba4 26.
Rb1 Bxe5 27. Bxe5 Rxd7 28. Rxd7 Bxd7 29. Rxb7 Rc8 30. h3 Be8 31. Rxa7 Kh7
32. a4 Kg6 33. a5 f6 34. Bd4 e5 35. Bb6 Rc1+ 36. Kh2 Rc2 37. Ra8 Bb5 38. a6
Rxf2 39. a7 Rxg2+ 40. Kh1 Ra2 41. Rg8+ Kh5 42. Kg1 Bc6 43. Rf8 Kh4 44. Rxf6
Bg2 45. e4 Bxe4 46. Rxh6+ Kg3 47. Kf1 Bg2+ 48. Ke1 Bxh3 49. Be3 g4 50. Rf6
Kh4 51. Rh6+ Kg3 52. Rf6 Kh4 53. Rh6+ 1/2-1/2

[Event "37th Greek Teams"]
[Site "Kallithea GRE"]
[Date "2009.07.04"]
[Round "1"]
[White "Kolomvas,D"]
[Black "Kouvatsos,F"]
[Result "1/2-1/2"]
[WhiteElo "1880"]
[BlackElo "2093"]
[EventDate "2009.07.03"]

1. Nf3 c6 2. g3 d5 3. b3 Bg4 4. Bg2 Nf6 5. Bb2 Nbd7 6. c4 e6 7. O-O Be7 8.
d3 O-O 9. Nbd2 a5 10. a3 Qc7 11. Qc2 Rfe8 12. e4 dxe4 13. dxe4 e5 14. h3
Bh5 15. Rfe1 Bf8 16. Nf1 Bxf3 17. Bxf3 Nc5 18. Rad1 Ne6 19. Rd2 Rad8 20.
Red1 Rxd2 21. Rxd2 Rd8 22. Rxd8 Nxd8 23. Qc3 Ne6 24. Qxe5 Qxe5 25. Bxe5 Ng5
26. Kg2 Bxa3 27. Bc3 Nfxe4 28. Bxa5 Nxf3 29. Kxf3 Nc5 30. Nd2 Bc1 31. Bb6
Bxd2 32. Bxc5 f6 33. Ke4 Kf7 34. g4 Ke6 35. f4 g6 36. f5+ gxf5+ 37. gxf5+
Kd7 38. Bd4 Ke7 39. Bc5+ Kd7 40. Kf3 Ke8 41. Kg4 Kf7 42. Kh5 Bf4 43. Kg4
h5+ 1/2-1/2

[Event "37th Greek Teams"]
[Site "Kallithea GRE"]
[Date "2009.07.04"]
[Round "1"]
[White "Kouvatsou,M"]
[Black "Polizou,H"]
[Result "1-0"]
[WhiteElo "2156"]
[BlackElo "1947"]
[EventDate "2009.07.03"]

1. e4 e5 2. Nf3 d6 3. d4 exd4 4. Nxd4 Nf6 5. Nc3 Be7 6. Bd3 c6 7. O-O O-O
8. Kh1 Re8 9. f4 Qc7 10. Be3 Nbd7 11. Nf3 a6 12. a4 Bf8 13. a5 c5 14. Bc4
Nxe4 15. Bxf7+ Kxf7 16. Qd5+ Kg6 17. f5+ Kf6 18. Nxe4+ Ke7 19. Bg5+ Nf6 20.
Rae1 Kd8 21. Nxf6 gxf6 22. Bxf6+ Be7 23. Bxe7+ Rxe7 24. Qg8+ Kd7 25. Rxe7+
Kxe7 26. Re1+ Kf6 27. Qg5+ Kf7 28. Qh5+ Kg7 29. f6+ Kxf6 30. Qh6+ Kf7 31.
Ng5+ 1-0

[Event "37th Greek Teams"]
[Site "Kallithea GRE"]
[Date "2009.07.04"]
[Round "1"]
[White "Havlikova,K"]
[Black "Pavlidou,E"]
[Result "1-0"]
[WhiteElo "2161"]
[BlackElo "2179"]
[EventDate "2009.07.03"]

1. e4 c5 2. Nf3 e6 3. d4 cxd4 4. Nxd4 Nf6 5. Nc3 Nc6 6. Nxc6 bxc6 7. Bd3 d5
8. O-O Be7 9. b3 O-O 10. Bb2 e5 11. Qe2 Re8 12. Rad1 Bc5 13. h3 Bd4 14. Na4
Bxb2 15. Nxb2 Qa5 16. Na4 Be6 17. Qe1 Qc7 18. Nc5 Nh5 19. Nxe6 Rxe6 20. g3
Rd8 21. Qe2 Rh6 22. Rfe1 Rd7 23. Qg4 Qd6 24. h4 Nf4 25. exd5 Nxd3 26. dxc6
Qxc6 27. Rxd3 Rxd3 28. cxd3 Re6 29. Qc4 Qd7 30. Rc1 g6 31. Qc8+ Qxc8 32.
Rxc8+ Kg7 33. Kf1 Ra6 34. Rc2 Kf6 35. Ke2 Ke6 36. Ke3 f5 37. d4 e4 38. g4
h6 39. Kf4 Kd5 40. gxf5 Rf6 41. Ke3 gxf5 42. Rc5+ Kd6 43. Kf4 Kd7 44. Rxf5
Ra6 45. a4 Rb6 46. Rf7+ 1-0

[Event "37th Greek Teams"]
[Site "Kallithea GRE"]
[Date "2009.07.04"]
[Round "1"]
[White "Kourousis,E"]
[Black "Balomenakis,H"]
[Result "1-0"]
[WhiteElo "2237"]
[BlackElo "1876"]
[EventDate "2009.07.03"]

1. Nf3 Nf6 2. c4 e6 3. d4 b6 4. g3 Bb7 5. Bg2 g6 6. O-O Bg7 7. Nc3 O-O 8.
d5 d6 9. e4 e5 10. Ne1 Nh5 11. Nd3 Nd7 12. Rb1 a5 13. a3 Ba6 14. Nb5 Bxb5
15. cxb5 a4 16. Nb4 Nc5 17. Be3 Qd7 18. Bxc5 bxc5 19. Na6 Ra7 20. Qxa4 Rb7
21. b4 cxb4 22. Qxb4 f5 23. Qc4 f4 24. Qc6 Qc8 25. Rfc1 f3 26. Bf1 Bh6 27.
Rc2 Nf4 28. Rb3 Nh3+ 29. Bxh3 Qxh3 30. Rxf3 Rxf3 31. Qxb7 Be3 32. Qxc7
Bxf2+ 33. Rxf2 Rxf2 34. Kxf2 Qxh2+ 35. Kf3 Qh1+ 36. Ke3 Qg1+ 37. Kd2 Qd4+
38. Kc2 Qa4+ 39. Kb2 Qxb5+ 40. Nb4 Qe2+ 41. Qc2 Qe3 42. Qd3 Qf2+ 43. Kb3
Qb6 44. Qf3 Qg1 45. g4 Qb1+ 46. Ka4 Qg1 47. Qf6 Qa7+ 48. Kb5 Qb7+ 49. Kc4
Qb6 50. Nc6 Qc5+ 51. Kb3 Qb5+ 52. Kc3 Qc5+ 53. Kd2 1-0

[Event "37th Greek Teams"]
[Site "Kallithea GRE"]
[Date "2009.07.04"]
[Round "1"]
[White "Sandalakis,N"]
[Black "Papakonstantinou,D"]
[Result "1/2-1/2"]
[WhiteElo "1892"]
[BlackElo "1831"]
[EventDate "2009.07.03"]

1. e4 c6 2. d3 d5 3. Nd2 Nd7 4. Ngf3 g6 5. g3 Bg7 6. Bg2 e5 7. O-O Ne7 8.
d4 O-O 9. exd5 Nxd5 10. dxe5 Nxe5 11. Nxe5 Bxe5 12. Nc4 Bg7 13. c3 Be6 14.
Ne3 Nxe3 15. Bxe3 a6 16. Qc1 Qc7 17. Bh6 Rfd8 18. Bxg7 Kxg7 19. c4 Qd7 20.
b3 Qd2 21. Rd1 Qxd1+ 22. Qxd1 Rxd1+ 23. Rxd1 Re8 24. f3 Kf6 25. Kf2 Bf5 26.
f4 Re7 27. Bf3 h5 28. Rd6+ Re6 29. Rxe6+ Kxe6 30. a3 Kd6 31. Ke3 Kc5 32.
Be2 f6 33. b4+ Kb6 34. Bd3 Bxd3 35. Kxd3 a5 36. Ke4 axb4 37. axb4 Kc7 38.
h3 Kd6 39. g4 hxg4 40. hxg4 b6 41. Kd4 c5+ 42. bxc5+ bxc5+ 43. Ke4 Kc6 44.
g5 fxg5 45. fxg5 Kd6 46. Kf4 Ke6 47. Ke4 Kd6 1/2-1/2

[Event "37th Greek Teams"]
[Site "Kallithea GRE"]
[Date "2009.07.04"]
[Round "1"]
[White "Kalogeris,I"]
[Black "Magklaras,T"]
[Result "1-0"]
[WhiteElo "1843"]
[BlackElo "1544"]
[EventDate "2009.07.03"]

1. e4 e5 2. Nf3 Nc6 3. Bb5 a6 4. Ba4 Nf6 5. d3 b5 6. Bb3 Be7 7. c3 O-O 8.
O-O d6 9. Nbd2 Bg4 10. h3 Bh5 11. Re1 Nd7 12. Bd5 Ndb8 13. Nf1 Kh8 14. Ng3
Bg6 15. a4 Ra7 16. Be3 Rb7 17. axb5 axb5 18. Ra8 Qd7 19. Qb3 h6 20. Rea1
Kh7 21. R1a3 Kh8 22. R8a6 Kh7 23. Rxc6 Nxc6 24. Ra6 Na5 25. Qa3 c6 26. Ba2
b4 27. cxb4 d5 28. Qxa5 Rb5 29. Qa4 Rxb4 30. Qxc6 Qxc6 31. Rxc6 Rxb2 32.
Bxd5 h5 33. Nxe5 h4 34. Nxg6 Rb1+ 35. Nf1 fxg6 36. Bd4 Rd1 37. Bc4 Rb8 38.
Rb6 Rxb6 39. Bxb6 Rb1 40. Be3 Bd6 41. f4 Be7 42. Kf2 Kh6 43. e5 Rb8 44. Kf3
Rf8 45. Be6 g5 46. f5 g6 47. g4 gxf5 48. gxf5 Kh5 49. Nh2 Rd8 50. Ng4 Rxd3
51. Bf7+ 1-0

[Event "37th Greek Teams"]
[Site "Kallithea GRE"]
[Date "2009.07.04"]
[Round "1"]
[White "Kempinski,R"]
[Black "Moradiabadi,E"]
[Result "1/2-1/2"]
[WhiteElo "2601"]
[BlackElo "2542"]
[EventDate "2009.07.03"]

1. d4 Nf6 2. c4 e6 3. Nf3 d5 4. Nc3 Nbd7 5. cxd5 Nxd5 6. e3 c5 7. Nxd5 exd5
8. dxc5 Nxc5 9. Bb5+ Bd7 10. Bxd7+ Qxd7 11. O-O Be7 12. b3 Bf6 13. Nd4 O-O
14. Bb2 Rac8 15. Rc1 Ne4 16. Qd3 a6 17. Rfd1 Rxc1 18. Rxc1 Rc8 19. Rxc8+
Qxc8 20. f3 Ng5 21. Nf5 Qd8 22. Bxf6 Qxf6 23. Qxd5 h6 24. Nd4 Qe7 25. Kf2
Qc7 26. f4 Nh7 27. Qe5 Qd8 28. Ke2 Nf6 29. Nf5 b5 30. Qd6 Qa5 31. a3 b4 32.
Ne7+ Kh7 33. Qd3+ g6 34. axb4 Qh5+ 35. Kf1 Qxh2 36. Qc4 Qh1+ 37. Kf2 Qh4+
38. Ke2 Qg4+ 39. Kf2 Qh4+ 40. Ke2 Qg4+ 41. Ke1 Kg7 42. Qc6 Qh4+ 43. Ke2 Ng4
44. Qf3 Qxe7 45. Qxg4 Qxb4 46. Qc8 1/2-1/2

[Event "37th Greek Teams"]
[Site "Kallithea GRE"]
[Date "2009.07.04"]
[Round "1"]
[White "Willemze,T"]
[Black "Bosiocic,Mari"]
[Result "0-1"]
[WhiteElo "2419"]
[BlackElo "2551"]
[EventDate "2009.07.03"]

1. e4 c5 2. Nf3 e6 3. d4 cxd4 4. Nxd4 a6 5. Bd3 Bc5 6. Nb3 Be7 7. O-O d6 8.
Qg4 g6 9. Qe2 Nd7 10. a4 b6 11. Na3 Ngf6 12. Bh6 Ne5 13. h3 Bf8 14. Be3 Be7
15. Bh6 Bf8 16. Be3 Bg7 17. f4 Nxd3 18. cxd3 O-O 19. Nc4 Rb8 20. Qf2 b5 21.
axb5 axb5 22. Nca5 Bd7 23. Rfc1 Rc8 24. Rxc8 Qxc8 25. Rc1 Qb8 26. Nd4 Qa8
27. Qe1 Rc8 28. Ra1 Qb8 29. b4 Nh5 30. Qf2 Nxf4 31. Bxf4 e5 32. Be3 exd4
33. Bxd4 Rc2 34. Ba7 Qc8 0-1

[Event "37th Greek Teams"]
[Site "Kallithea GRE"]
[Date "2009.07.04"]
[Round "1"]
[White "Georgiadis,I"]
[Black "Gesos,P"]
[Result "1/2-1/2"]
[WhiteElo "2438"]
[BlackElo "2327"]
[EventDate "2009.07.03"]

1. e4 c5 2. Nf3 Nc6 3. d4 cxd4 4. Nxd4 Nf6 5. Nc3 d6 6. Bg5 e6 7. Qd2 a6 8.
O-O-O h6 9. Nxc6 bxc6 10. Bf4 d5 11. Qe3 Be7 12. Be2 O-O 13. h4 Nd7 14. Qg3
Kh8 15. Bc7 Qe8 16. Rhe1 Bb7 17. f4 Rc8 18. f5 d4 19. Rxd4 e5 20. Rxd7 Qxd7
21. Bxe5 f6 22. Rd1 Qe8 23. Bf4 Rd8 24. Rxd8 Qxd8 25. Qe3 Bd6 26. g3 Qc7
27. Na4 Bxf4 28. gxf4 Qa5 29. b3 Re8 30. Bh5 Re7 31. Nc5 Bc8 32. Qd4 Qc7
33. Kb2 a5 34. a4 Bd7 35. Qd2 Be8 36. Bxe8 Rxe8 37. Ne6 Qa7 38. e5 fxe5 39.
fxe5 Qf7 40. Qd3 g6 41. Nf4 gxf5 42. h5 Kh7 43. Ng6 Qe6 44. Qd4 Qd5 45. Nf4
Qf7 1/2-1/2

[Event "37th Greek Teams"]
[Site "Kallithea GRE"]
[Date "2009.07.04"]
[Round "1"]
[White "Kofidis,S"]
[Black "Goumas,G"]
[Result "0-1"]
[WhiteElo "2214"]
[BlackElo "2315"]
[EventDate "2009.07.03"]

1. e4 c5 2. Nf3 d6 3. d4 Nf6 4. Nc3 cxd4 5. Nxd4 Nc6 6. Nxc6 bxc6 7. Bd3 g6
8. O-O Bg7 9. Qe2 O-O 10. f4 Rb8 11. Kh1 Nd7 12. Nd1 Nc5 13. Be3 Qa5 14.
Bd2 Qc7 15. Rb1 d5 16. e5 f6 17. exf6 Bxf6 18. Bc3 Bxc3 19. Nxc3 Nxd3 20.
cxd3 Rxf4 21. Rxf4 Qxf4 22. Rf1 Qd6 23. d4 Bf5 24. b3 Re8 25. g4 Bd7 26.
Qf3 e5 27. Qf7+ Kh8 28. Rf6 Qe7 29. dxe5 Bxg4 30. Qxe7 Rxe7 31. Rxc6 d4 32.
Rc4 Bf3+ 33. Kg1 dxc3 34. Rxc3 Bd5 35. Rc5 Rxe5 36. Rc8+ Bg8 37. Rc7 Ra5
38. Rc2 Kg7 39. Kf2 0-1

[Event "37th Greek Teams"]
[Site "Kallithea GRE"]
[Date "2009.07.04"]
[Round "1"]
[White "Theotokatos,D"]
[Black "Hrisanthopoulos,D"]
[Result "1-0"]
[WhiteElo "2135"]
[BlackElo "2128"]
[EventDate "2009.07.03"]

1. d4 Nf6 2. Nf3 e6 3. Bf4 b6 4. e3 Bb7 5. Nbd2 Be7 6. Bd3 d5 7. c3 Nbd7 8.
O-O O-O 9. Ne5 c5 10. Qf3 Qc8 11. Qh3 Ba6 12. Nc6 Bd8 13. Bxa6 Qxa6 14.
Nxd8 Rfxd8 15. Rfe1 Qd3 16. Nf3 Qc2 17. Rab1 Rac8 18. Rec1 Qe2 19. Bg5 Re8
20. Bxf6 Nxf6 21. Ne5 Ne4 22. Qf3 Qxf3 23. Nxf3 f6 24. Rd1 Kf7 25. Kf1 g5
26. Nd2 Nd6 27. Rbc1 g4 28. dxc5 Rxc5 29. Nb3 Rc4 30. Rd4 Rec8 31. Nd2 Rxd4
32. exd4 e5 33. dxe5 fxe5 34. Ke2 Ke6 35. f3 Rg8 36. Kf2 Rf8 37. Ke2 gxf3+
38. gxf3 Rg8 39. Rf1 Kf5 40. Ke3 Rg2 41. Rf2 Rxf2 42. Kxf2 Kf4 43. Nf1 Nf5
44. Ng3 e4 45. Nxf5 Kxf5 46. Ke3 b5 47. fxe4+ dxe4 48. b3 Ke5 49. c4 bxc4
50. bxc4 a5 51. h4 a4 52. h5 a3 53. h6 Kf5 54. c5 Ke5 55. c6 Kd6 56. Kxe4
Kxc6 57. Kd4 Kb5 58. Kc3 Ka4 59. Kc4 Ka5 60. Kb3 Kb6 61. Kxa3 Ka7 62. Kb4
Kb7 63. Kc5 Ka6 64. Kd6 1-0

[Event "37th Greek Teams"]
[Site "Kallithea GRE"]
[Date "2009.07.04"]
[Round "1"]
[White "Stefanidi,M1"]
[Black "Aggelaki,S"]
[Result "1-0"]
[WhiteElo "2120"]
[BlackElo "1698"]
[EventDate "2009.07.03"]

1. e4 c5 2. Nf3 g6 3. d4 cxd4 4. Qxd4 Nf6 5. e5 Nc6 6. Qa4 Ng8 7. Bd2 Bg7
8. Bc3 e6 9. Nbd2 Nge7 10. Ne4 O-O 11. Bc4 Nf5 12. h4 Qc7 13. Nf6+ Bxf6 14.
exf6 d5 15. Bb5 Bd7 16. Qg4 Nd6 17. Qf4 Kh8 18. Qh6 Rg8 19. Ng5 1-0